Centralised legislation: a history of the legislative system of British India form 1834 to 1861 (Record no. 478674)

000 -LEADER
fixed length control field 00458cam a22001337a 4500
008 - FIXED-LENGTH DATA ELEMENTS--GENERAL INFORMATION
fixed length control field 180718b1963 xxu||||| |||| 00| 0 eng d
082 ## - DEWEY DECIMAL CLASSIFICATION NUMBER
Classification number G2x54 C37
100 ## - MAIN ENTRY--PERSONAL NAME
Personal name Char, S.V. Desika
245 ## - TITLE STATEMENT
Title Centralised legislation: a history of the legislative system of British India form 1834 to 1861
Statement of responsibility, etc. by S.V. Desika Char
260 ## - PUBLICATION, DISTRIBUTION, ETC.
Place of publication, distribution, etc. Bombay
Name of publisher, distributor, etc. Asia
Date of publication, distribution, etc. 1963
300 ## - PHYSICAL DESCRIPTION
Extent 359p.
650 ## - SUBJECT ADDED ENTRY--TOPICAL TERM
Topical term or geographic name entry element Legislative bodies --India --History
650 ## - SUBJECT ADDED ENTRY--TOPICAL TERM
Topical term or geographic name entry element Legislation --India --History
Holdings
Withdrawn status Lost status Damaged status Not for loan Permanent Location Current Location Date acquired Full call number Barcode Date last seen Price effective from Koha item type
        Indian Institute of Public Administration Indian Institute of Public Administration 2018-08-04 G2x54 C37 GR5602 2018-08-04 2018-08-04 GR

Powered by Koha